Estudio y comprensión de la sociedad 6º año Básico: texto para el estudiante

Saved in:
Bibliografiske detaljer
Main Authors: Cembrano Perasso, Dina (Author), Cisternas Lara, Luz Eliana (Author)
Format: Bog
Sprog:spansk
Udgivet: Santiago Arrayán 2002
Fag:
Tags: Tilføj Tag
Ingen Tags, Vær først til at tagge denne postø!

MARC

LEADER 00000nam a2200000 a 4500
001 UCL7237
003 CL-VaPUC
008 040514e20020000CL |||||||||||||||||spa|d
020 |a 956240367X 
082 0 4 |a 372.83  |b CEM  |2 21 
100 0 |a Cembrano Perasso, Dina  |e author  |9 485089 
700 0 |a Cisternas Lara, Luz Eliana  |e author  |9 485090 
245 1 0 |a Estudio y comprensión de la sociedad 6º año Básico: texto para el estudiante 
300 |a 192 p 
942 |c BK 
945 |d 20040514 00:00:00  |a cmena 
260 |a Santiago  |b Arrayán  |c 2002 
650 0 |a Educación básica   |9 224933 
650 0 |a Enseñanza de la geografía  |9 310005 
650 0 |a Enseñanza de la historia   |9 307330 
650 0 |a Programas de educación  |9 339040 
583 |a last modification  |c 20180314 11:19:31  |k Rodrigo Vera 
999 |c 309087  |d 309085 
952 |0 0  |1 0  |4 0  |6 372_830000000000000_CEM_2002  |7 0  |8 A  |9 376295  |a BIBHIS  |b BIBHIS  |d 2019-11-21  |i 4170601  |o 372.83 CEM 2002  |p 4170601  |r 2025-01-20  |w 2019-11-21  |y BK  |k HIS 
952 |0 0  |1 0  |4 0  |6 372_830000000000000_CEM_2002  |7 0  |8 A  |9 376296  |a BIBHIS  |b BIBHIS  |d 2019-11-21  |i 417061K  |o 372.83 CEM 2002  |p 417061K  |r 2025-01-20  |w 2019-11-21  |y BK  |k HIS 
952 |0 0  |1 0  |4 0  |6 372_830000000000000_CEM_2002  |7 0  |8 A  |9 376297  |a BIBHIS  |b BIBHIS  |d 2019-11-21  |i 4170628  |l 2  |m 2  |o 372.83 CEM 2002  |p 4170628  |q 2030-12-20  |r 2020-10-06  |s 2020-10-06  |w 2019-11-21  |y BK  |k HIS 
952 |0 0  |1 0  |4 0  |6 372_830000000000000_CEM_2002  |7 0  |8 P  |9 376298  |a BIBEDU  |b BIBEDU  |c BIBEDU_PB  |d 2019-11-21  |i 4195361  |o 372.83 CEM 2002  |p 4195361  |r 2024-01-25  |w 2019-11-21  |y BK  |k EBA 
952 |0 0  |1 0  |4 0  |6 372_830000000000000_CEM_2002  |7 0  |8 A  |9 376299  |a BIBHIS  |b BIBHIS  |d 2019-11-21  |i 423376K  |o 372.83 CEM 2002  |p 423376K  |r 2025-01-20  |w 2019-11-21  |y BK  |k HIS 
952 |0 0  |1 0  |4 0  |6 372_830000000000000_CEM_2002  |7 0  |8 A  |9 376300  |a BIBHIS  |b BIBHIS  |d 2019-11-21  |i 4233778  |o 372.83 CEM 2002  |p 4233778  |r 2025-01-20  |w 2019-11-21  |y BK  |k HIS 
952 |0 0  |1 0  |4 0  |6 372_830000000000000_CEM_2002  |7 0  |8 A  |9 376301  |a BIBHIS  |b BIBHIS  |d 2019-11-21  |i 4233786  |o 372.83 CEM 2002  |p 4233786  |r 2025-01-20  |w 2019-11-21  |y BK  |k HIS 
952 |0 0  |1 0  |4 0  |6 372_830000000000000_CEM_2002  |7 0  |8 A  |9 376302  |a BIBHIS  |b BIBHIS  |d 2019-11-21  |i 4233794  |o 372.83 CEM 2002  |p 4233794  |r 2025-01-20  |w 2019-11-21  |y BK  |k HIS 
952 |0 0  |1 0  |4 0  |6 372_830000000000000_CEM_2002  |7 0  |8 A  |9 376303  |a BIBHIS  |b BIBHIS  |d 2019-11-21  |i 4233808  |o 372.83 CEM 2002  |p 4233808  |r 2025-01-20  |w 2019-11-21  |y BK  |k HIS 
952 |0 0  |1 0  |4 0  |6 372_830000000000000_CEM_2002  |7 0  |8 P  |9 376304  |a BIBEDU  |b BIBEDU  |d 2019-11-21  |i 4250656  |o 372.83 CEM 2002  |p 4250656  |r 2019-11-21  |w 2019-11-21  |y BK  |k EBA 
952 |0 0  |1 0  |4 0  |6 372_830000000000000_CEM_2002  |7 0  |8 P  |9 376305  |a BIBEDU  |b BIBEDU  |d 2019-11-21  |i 4250664  |o 372.83 CEM 2002  |p 4250664  |r 2019-11-21  |w 2019-11-21  |y BK  |k EBA 
952 |0 0  |1 0  |4 0  |6 372_830000000000000_CEM_2002  |7 0  |8 P  |9 376306  |a BIBEDU  |b BIBEDU  |c BIBEDU_PB  |d 2019-11-21  |i 4250672  |o 372.83 CEM 2002  |p 4250672  |r 2024-01-25  |w 2019-11-21  |y BK  |k EBA 
952 |0 0  |1 0  |4 0  |6 372_830000000000000_CEM_2002  |7 0  |8 P  |9 376307  |a BIBEDU  |b BIBEDU  |d 2019-11-21  |i 4250680  |o 372.83 CEM 2002  |p 4250680  |r 2019-11-21  |w 2019-11-21  |y BK  |k EBA